Estatísticas para Municípios do Rio Grande do Sul em um Mapa

Clique aqui para jogar o quiz

Estatísticas Gerais

  • Esse quiz foi jogado 147 vezes
  • A pontuação média é 125 de 497

Respostas no mapa

Respostas codificadas por cores de uma escala verde-vermelha no mapa do quiz de acordo com a % correta abaixo.
Carregando ...
 

Estatísticas das Respostas

Município% Correto
Porto Alegre
99%
Uruguaiana
94%
Santa Maria
93%
Caxias do Sul
93%
Pelotas
87%
Rio Grande
86%
Canela
84%
Novo Hamburgo
84%
Canoas
81%
Chuí
80%
Bagé
79%
Bento Gonçalves
79%
Torres
79%
Erechim
77%
Gramado
77%
Gravataí
74%
Passo Fundo
74%
Ijuí
73%
Alegrete
71%
São Leopoldo
71%
Viamão
70%
Sant'Ana do Livramento
67%
Guaíba
67%
Capão da Canoa
67%
Osório
66%
Garibaldi
64%
Santa Rosa
64%
Lajeado
63%
Vacaria
61%
Alvorada
61%
Cachoeirinha
61%
Farroupilha
59%
Santa Cruz do Sul
59%
Tramandaí
59%
São Borja
59%
Santo Ângelo
57%
Xangri-lá
57%
Sapucaia do Sul
57%
Estrela
56%
Carazinho
54%
Cachoeira do Sul
54%
Esteio
53%
Cruz Alta
51%
Getúlio Vargas
51%
Frederico Westphalen
51%
Campo Bom
50%
Santo Antônio da Patrulha
50%
Nova Petrópolis
50%
São Gabriel
50%
Arroio do Sal
50%
Quaraí
50%
Marau
49%
Jaguarão
49%
Mostardas
49%
Sapiranga
49%
Venâncio Aires
49%
Santa Vitória do Palmar
49%
Carlos Barbosa
49%
Nova Prata
47%
Não-Me-Toque
47%
Soledade
47%
Barra do Quaraí
47%
Palmeira das Missões
46%
Camaquã
46%
Taquara
46%
Feliz
46%
Anta Gorda
46%
Montenegro
46%
Veranópolis
46%
Imbé
46%
Lagoa Vermelha
44%
Ivoti
44%
Itaqui
44%
Flores da Cunha
44%
Dom Pedrito
44%
Dois Irmãos
44%
São Lourenço do Sul
44%
Estância Velha
43%
Bom Jesus
43%
Guaporé
41%
Três Coroas
41%
Cambará do Sul
41%
Santiago
41%
Rosário do Sul
41%
Rio Pardo
40%
Sarandi
40%
São Miguel das Missões
40%
São José do Norte
40%
Taquari
40%
Arroio dos Ratos
39%
Charqueadas
39%
Cidreira
39%
Igrejinha
39%
São Francisco de Paula
39%
Cacequi
37%
São José dos Ausentes
37%
Portão
37%
Panambi
37%
Três Passos
36%
Nonoai
36%
São Marcos
36%
Capão do Leão
36%
Tapes
36%
Arroio do Meio
36%
Vera Cruz
34%
Eldorado do Sul
34%
Encantado
34%
Triunfo
34%
Nova Hartz
34%
Butiá
34%
Nova Santa Rita
34%
Teutônia
34%
Terra de Areia
34%
Casca
34%
Pinhal
33%
Júlio de Castilhos
33%
Iraí
33%
Muçum
33%
Aceguá
33%
Caçapava do Sul
33%
Agudo
33%
Barão
33%
São Sepé
31%
Antônio Prado
31%
Candelária
31%
São Vendelino
30%
Espumoso
30%
Planalto
30%
Porto Xavier
30%
São Luiz Gonzaga
30%
Tupanciretã
30%
Barra do Ribeiro
30%
Canguçu
30%
Parobé
30%
Riozinho
29%
Rolante
29%
Glorinha
29%
Bom Princípio
29%
Pinheiro Machado
29%
Ametista do Sul
29%
Santo Augusto
29%
São Sebastião do Caí
29%
Arroio Grande
27%
Machadinho
27%
Arvorezinha
27%
Picada Café
27%
Herval
27%
Cerro Largo
27%
Seberi
27%
Serafina Corrêa
27%
Três Cachoeiras
27%
Sertão
27%
Paraí
27%
Palmares do Sul
27%
Vila Maria
27%
Encruzilhada do Sul
27%
Nova Bassano
27%
Nova Roma do Sul
27%
Maquiné
26%
Lavras do Sul
26%
Candiota
26%
Capivari do Sul
26%
Três de Maio
26%
Selbach
26%
São Pedro do Sul
26%
Piratini
26%
Travesseiro
26%
Tio Hugo
26%
Tavares
26%
Aratiba
26%
São Vicente do Sul
26%
Arroio do Tigre
26%
Ibirubá
24%
Porto Lucena
24%
Nova Pádua
24%
Itaara
24%
Morro Reuter
24%
Sananduva
24%
Mampituba
24%
Santa Tereza
24%
São Jerônimo
24%
Dois Lajeados
24%
São Jorge
24%
Tapejara
24%
Fontoura Xavier
24%
Westfália
23%
Santa Bárbara do Sul
23%
Três Forquilhas
23%
São Valentim
23%
Itati
23%
Fagundes Varela
23%
Nova Araçá
23%
Pinto Bandeira
23%
São Nicolau
23%
Balneário Pinhal
23%
Horizontina
23%
Hulha Negra
23%
São José do Ouro
23%
São José das Missões
23%
Santo Cristo
23%
Vista Alegre
21%
Vila Flores
21%
Cristal
21%
Alecrim
21%
Muitos Capões
21%
Jaquirana
21%
Mato Leitão
21%
Nova Bréscia
21%
Cotiporã
21%
Coxilha
21%
Tenente Portela
21%
Ciríaco
21%
Salto do Jacuí
21%
Porto Mauá
21%
Pantano Grande
21%
Faxinal do Soturno
21%
Entre-Ijuís
21%
Alto Feliz
20%
Alto Alegre
20%
Alegria
20%
Santo Antônio das Missões
20%
São Pedro das Missões
20%
Sobradinho
20%
Progresso
20%
Quinze de Novembro
20%
Roca Sales
20%
São Francisco de Assis
20%
Barracão
20%
Pedro Osório
20%
Mata
20%
Ernestina
20%
Caraá
20%
Garruchos
20%
Jaguari
20%
André da Rocha
19%
Ronda Alta
19%
Vespasiano Corrêa
19%
Camargo
19%
Cacique Doble
19%
Passa Sete
19%
Paverama
19%
Ilópolis
19%
Bossoroca
19%
Guabiju
19%
Araricá
19%
Santa Maria do Herval
19%
Alpestre
19%
Monte Belo do Sul
19%
São Paulo das Missões
19%
Estação
19%
Esmeralda
19%
Três Arroios
19%
Erebango
19%
São José do Sul
19%
Santa Clara do Sul
19%
Maçambará
19%
Minas do Leão
19%
Manoel Viana
19%
Marcelino Ramos
19%
Tabaí
17%
Dom Pedro de Alcântara
17%
Caseiros
17%
Cruzeiro do Sul
17%
Colinas
17%
Brochier
17%
Presidente Lucena
17%
Campestre da Serra
17%
Viadutos
17%
Capela de Santana
17%
Imigrante
17%
Arambaré
17%
Barão de Cotegipe
17%
São José do Herval
17%
Arroio do Padre
17%
Vanini
17%
Tapera
17%
Vale Verde
17%
Boa Vista do Cadeado
17%
Segredo
17%
Palmitinho
17%
Boa Vista do Sul
17%
Cerro Grande
17%
Cândido Godói
17%
Vista Alegre do Prata
17%
Rondinha
17%
Ibiraiaras
17%
Ipê
17%
Crissiumal
17%
União da Serra
16%
Giruá
16%
Barros Cassal
16%
Boa Vista do Buricá
16%
Pedras Altas
16%
Tuparendi
16%
Amaral Ferrador
16%
Santa Margarida do Sul
16%
Marques de Souza
16%
Boa Vista do Incra
16%
Restinga Sêca
16%
General Câmara
16%
São João do Polêsine
16%
São Domingos do Sul
16%
Sério
16%
Erval Grande
16%
Sete de Setembro
16%
Entre Rios do Sul
16%
Morro Redondo
16%
Campo Novo
16%
Estrela Velha
16%
Morrinhos do Sul
16%
Severiano de Almeida
16%
Jóia
16%
Gaurama
16%
Vale do Sol
16%
Rio dos Índios
14%
Coronel Bicaco
14%
Putinga
14%
Três Palmeiras
14%
Sertão Santana
14%
Sentinela do Sul
14%
Santa Cecília do Sul
14%
Lagoão
14%
Gentil
14%
Erval Seco
14%
Lagoa Bonita do Sul
14%
São Valentim do Sul
14%
Faxinalzinho
14%
Coqueiro Baixo
14%
Santana da Boa Vista
14%
Maratá
14%
Protásio Alves
14%
Montauri
14%
Victor Graeff
14%
Cristal do Sul
14%
Água Santa
14%
Dezesseis de Novembro
14%
Turuçu
14%
Campina das Missões
14%
Ibirapuitã
14%
Vila Lângaro
14%
Passo do Sobrado
14%
Nova Alvorada
14%
Mato Castelhano
14%
Unistalda
14%
Pareci Novo
14%
Nicolau Vergueiro
14%
Pinhal da Serra
14%
Almirante Tamandaré do Sul
14%
Campinas do Sul
14%
Capão Bonito do Sul
14%
Derrubadas
14%
Ajuricaba
14%
Mariano Moro
14%
Ibiaçá
14%
Carlos Gomes
14%
Barão do Triunfo
13%
Benjamin Constant do Sul
13%
São José do Hortêncio
13%
Novo Cabrais
13%
Lindolfo Collor
13%
Fazenda Vilanova
13%
Nova Ramada
13%
São João da Urtiga
13%
São Pedro da Serra
13%
Caibaté
13%
Barra Funda
13%
Monte Alegre dos Campos
13%
Harmonia
13%
São Valério do Sul
13%
Mariana Pimentel
13%
Ibarama
13%
Tucunduva
13%
Vista Gaúcha
13%
Porto Vera Cruz
13%
Bom Retiro do Sul
13%
Bom Progresso
13%
Jacuizinho
13%
Guarani das Missões
13%
Cerrito
13%
David Canabarro
13%
Roque Gonzales
13%
Floriano Peixoto
13%
Vila Nova do Sul
13%
Dom Feliciano
13%
Maximiliano de Almeida
13%
Nova Candelária
13%
Augusto Pestana
13%
Colorado
11%
Sinimbu
11%
Doutor Ricardo
11%
São Martinho
11%
Jacutinga
11%
Silveira Martins
11%
Coqueiros do Sul
11%
Campos Borges
11%
Coronel Pilar
11%
Itapuca
11%
Senador Salgado Filho
11%
Muliterno
11%
Humaitá
11%
Doutor Maurício Cardoso
11%
Forquetinha
11%
Boqueirão do Leão
11%
Dilermando de Aguiar
11%
Redentora
11%
Linha Nova
11%
Rodeio Bonito
11%
Rolador
11%
Cerro Branco
11%
Tupanci do Sul
11%
Saldanha Marinho
11%
Pontão
11%
Salvador das Missões
11%
Poço das Antas
11%
Gramado Xavier
11%
Centenário
11%
Catuípe
11%
Pinheirinho do Vale
11%
Tupandi
11%
Barra do Guarita
11%
Tiradentes do Sul
11%
Paim Filho
11%
Dona Francisca
11%
Chapada
11%
Pouso Novo
11%
Vale Real
11%
Santo Antônio do Planalto
11%
Boa Vista das Missões
11%
Gramado dos Loureiros
11%
Braga
11%
Barra do Rio Azul
11%
Tunas
10%
Engenho Velho
10%
Lagoa dos Três Cantos
10%
Toropi
10%
Trindade do Sul
10%
Capão do Cipó
10%
Constantina
10%
Salvador do Sul
10%
Capitão
10%
Itatiba do Sul
10%
Nova Esperança do Sul
10%
Nova Palma
10%
Mato Queimado
10%
Novo Xingu
10%
Jari
10%
Pejuçara
10%
Pirapó
10%
Quatro Irmãos
10%
Herveiras
10%
Relvado
10%
Pinhal Grande
10%
São Pedro do Butiá
10%
Chiapetta
10%
Eugênio de Castro
10%
Condor
10%
Formigueiro
10%
Cruzaltense
9%
Nova Boa Vista
9%
Santo Expedito do Sul
9%
Lajeado do Bugre
9%
Inhacorá
9%
Independência
9%
Mormaço
9%
Paulo Bento
9%
São Martinho da Serra
9%
Paraíso do Sul
9%
Ponte Preta
9%
Bozano
9%
Quevedos
9%
Vitória das Missões
9%
Fortaleza dos Valos
9%
Sagrada Família
9%
Dois Irmãos das Missões
9%
Liberato Salzano
9%
Coronel Barros
9%
Cerro Grande do Sul
9%
Sede Nova
9%
Itacurubi
7%
Esperança do Sul
7%
Miraguaí
7%
Vicente Dutra
7%
Charrua
7%
Taquaruçu do Sul
7%
Novo Machado
7%
Chuvisca
7%
Caiçara
7%
Áurea
7%
Ipiranga do Sul
7%
Ubiretama
7%
Canudos do Vale
7%
Novo Barreiro
6%
Novo Tiradentes
6%
Ivorá
6%
Jaboticaba
6%
São José do Inhacorá
6%
Santo Antônio do Palma
6%

Distribuição das Pontuações

Percentil de Números Respondidos

Porcentagem de Pessoas com Cada Pontuação

Sua Pontuação Histórica

Você não jogou esse quiz